000 00716nam a2200241Ia 4500
003 OSt
005 20220923224952.0
006 a|||||r|||| 00| 0
007 ta
008 220922b |||||||| |||| 00| 0 hin d
024 _a254,464
037 _cTextual
040 _aARTS
_cARTS
_bhin
041 _2hin
_ahin
082 _aO152,3N562x, M3
100 _aअस्थाना, धीरेन्द्र
245 0 _aलोग हाशिए पर
246 _aLog hāshie para
260 _c1983
650 _aहिन्दी साहित्य
_9156264
942 _hO152,3N562x, M3
_cTEXL
_2CC
999 _c375084
_d375084